Ludność państw – północ czy południe? - Statystyki

Ogólne statystyki
  • Ten quiz został rozwiązany 9 498 razy
  • Średni wynik to 12 z 15
Statystyki odpowiedzi
Zagadnienie Odpowiedź % Poprawnych
Egipt Północ
94%
Kanada Południe
89%
Szwecja Południe
89%
Wielka Brytania Południe
88%
Australia Południe
87%
Wenezuela Północ
81%
Nigeria Południe
76%
Zjednoczone Emiraty Arabskie Północ
74%
Szwajcaria Północ
73%
Tajwan Północ
72%
Japonia Południe
72%
Nowa Zelandia Północ
71%
Brazylia Południe
70%
Nepal Południe
65%
Uganda Południe
59%
Nie znaleziono quizów pasujących do podanych kryteriów
Rozkład punktacji
Procent ludzi z każdym wynikiem
Percentyl według liczby udzielonych odpowiedzi
Twoja historia wyników
Nie rozwiązałeś tego quizu